<?xml version="1.0" encoding="UTF-8"?>
<record
    xmlns:xsi="http://www.w3.org/2001/XMLSchema-instance"
    xsi:schemaLocation="http://www.loc.gov/MARC21/slim http://www.loc.gov/standards/marcxml/schema/MARC21slim.xsd"
    xmlns="http://www.loc.gov/MARC21/slim">

  <leader>01425    a2200217   4500</leader>
  <controlfield tag="001">25032</controlfield>
  <controlfield tag="005">20260407155534.0</controlfield>
  <controlfield tag="008">260407a1968    arg                 spa d</controlfield>
  <controlfield tag="003">AR-UNSa-BCEJYS</controlfield>
  <datafield tag="040" ind1=" " ind2=" ">
    <subfield code="a">AR-UNSa-BCEJYS</subfield>
    <subfield code="b">spa</subfield>
    <subfield code="c">AR-UNSa-BCEJYS</subfield>
  </datafield>
  <datafield tag="080" ind1=" " ind2=" ">
    <subfield code="a">519.21</subfield>
    <subfield code="x">Teor&#xED;a de probabilidades y procesos estoc&#xE1;sticos
</subfield>
  </datafield>
  <datafield tag="245" ind1="1" ind2="0">
    <subfield code="a">Elementos de la teor&#xED;a de probabilidades y algunas de sus aplicaciones</subfield>
  </datafield>
  <datafield tag="250" ind1=" " ind2=" ">
    <subfield code="a">6a. ed</subfield>
  </datafield>
  <datafield tag="264" ind1=" " ind2="1">
    <subfield code="a">Madrid :</subfield>
    <subfield code="b">Aguilar</subfield>
    <subfield code="c">1968</subfield>
  </datafield>
  <datafield tag="300" ind1=" " ind2=" ">
    <subfield code="a">321 p.</subfield>
    <subfield code="c">22 cm.</subfield>
  </datafield>
  <datafield tag="505" ind1=" " ind2=" ">
    <subfield code="a">Parte I : Fundamentos : 1. Introducci&#xF3;n hist&#xF3;rica - 2. Definici&#xF3;n de probabilidad matem&#xE1;tica - 3. Reglas elementales del c&#xE1;lculo de probabilidad - 4. Algunas aplicaciones de los teoremas fundamentales - Parte II : Variables aleatorias y distribuciones de probabilidad : 5. Variables y distribuciones e una dimensi&#xF3;n - 6. La distribuci&#xF3;n binomial y otras distribuciones an&#xE1;logas - 7. La distribuci&#xF3;n normal - Otras distribuciones continuas - 9. Variables y distribuciones en dos dimensiones - 10. Variables y distribuciones en m&#xE1;s de dos dimensiones - Parte III : Aplicaciones : 11. Introducci&#xF3;n - 12. Tratamiento descriptivo de un material estad&#xED;stico - 13. Distribuciones en el muestreo - 14. Problemas de inferencia estad&#xED;stica - 15. La d&#xF3;cima - 16. Otras aplicaciones.</subfield>
  </datafield>
  <datafield tag="942" ind1=" " ind2=" ">
    <subfield code="c">BK</subfield>
  </datafield>
  <datafield tag="590" ind1=" " ind2=" ">
    <subfield code="a">niveau_biblio:m niveau_hierar:0</subfield>
  </datafield>
  <datafield tag="100" ind1="1" ind2=" ">
    <subfield code="a">Cram&#xE9;r, Harald</subfield>
  </datafield>
  <datafield tag="700" ind1="1" ind2=" ">
    <subfield code="a">Calleja, Anselmo</subfield>
  </datafield>
  <datafield tag="999" ind1=" " ind2=" ">
    <subfield code="c">1276</subfield>
    <subfield code="d">1276</subfield>
  </datafield>
  <datafield tag="952" ind1=" " ind2=" ">
    <subfield code="0">0</subfield>
    <subfield code="1">0</subfield>
    <subfield code="4">0</subfield>
    <subfield code="7">0</subfield>
    <subfield code="a">BCEJYS</subfield>
    <subfield code="b">BCEJYS</subfield>
    <subfield code="c">16</subfield>
    <subfield code="d">2026-04-07</subfield>
    <subfield code="l">0</subfield>
    <subfield code="o">519.21 C889 6ed.</subfield>
    <subfield code="p">L22801</subfield>
    <subfield code="r">2026-04-07 15:55:34</subfield>
    <subfield code="w">2026-04-07</subfield>
    <subfield code="y">L</subfield>
  </datafield>
  <datafield tag="952" ind1=" " ind2=" ">
    <subfield code="0">0</subfield>
    <subfield code="1">0</subfield>
    <subfield code="4">0</subfield>
    <subfield code="7">0</subfield>
    <subfield code="a">BCEJYS</subfield>
    <subfield code="b">BCEJYS</subfield>
    <subfield code="c">16</subfield>
    <subfield code="d">2026-04-07</subfield>
    <subfield code="l">0</subfield>
    <subfield code="o">519.21 C889 6ed.</subfield>
    <subfield code="p">L22802</subfield>
    <subfield code="r">2026-04-07 15:55:34</subfield>
    <subfield code="w">2026-04-07</subfield>
    <subfield code="y">L</subfield>
    <subfield code="z">HOJA ROTA- &#xDA;LTIMA HOJA MEDIO SUELTA</subfield>
  </datafield>
</record>
